Vai trò của báo chí trong phát triển doanh nghiệp /
محفوظ في:
| مؤلفون آخرون: | , |
|---|---|
| التنسيق: | Sách giấy |
| اللغة: | Vietnamese |
| منشور في: |
H. :
Lao động,
2005
|
| الموضوعات: | |
| الوسوم: |
إضافة وسم
لا توجد وسوم, كن أول من يضع وسما على هذه التسجيلة!
|
| Thư viện lưu trữ: | Thư viện Trường Đại học Đà Lạt |
|---|
| LEADER | 00775nam a2200301 4500 | ||
|---|---|---|---|
| 001 | DLU050048064 | ||
| 005 | ##20050629 | ||
| 040 | # | # | |a DLU |b vie |
| 041 | # | # | |a vie |
| 044 | # | # | |a vn |
| 082 | # | # | |a 338.9 |b Vai |
| 245 | # | # | |a Vai trò của báo chí trong phát triển doanh nghiệp / |c Phạm Thắng, Hoàng Hải |
| 260 | # | # | |a H. : |b Lao động, |c 2005 |
| 300 | # | # | |a 473 tr. ; |c 24 cm |
| 653 | # | # | |a Báo chí - Vai trò |
| 653 | # | # | |a Doanh nghiệp nhà nước |
| 700 | # | # | |a Hoàng Hải |e chủ biên |
| 700 | # | # | |a Phạm Thắng |e chủ biên |
| 923 | # | # | |a 25/2005 |
| 992 | # | # | |a 255.000 |
| 994 | # | # | |a DLU |
| 900 | # | # | |a True |
| 911 | # | # | |a Đào Thị Thu Huyền |
| 925 | # | # | |a G |
| 926 | # | # | |a A |
| 927 | # | # | |a SH |
| 980 | # | # | |a Thư viện Trường Đại học Đà Lạt |